书目信息 |
| 题名: |
城市道路工程技术规范
|
|
| 作者: | 中华人民共和国住房和城乡建设部 主编 | |
| 分册: | ||
| 出版信息: | 北京 中国建筑工业出版社 2018.09 |
|
| 页数: | 66页 | |
| 开本: | 20cm | |
| 丛书名: | ||
| 单 册: | ||
| 中图分类: | U415.6-65 | |
| 科图分类: | ||
| 主题词: | 道路工程 | |
| 电子资源: | ||
| ISBN: | ||
| 000 | 00721nam0 2200193 450 | |
| 001 | 1959138024 | |
| 005 | 20190315162705.55 | |
| 010 | @dCNY17.00 | |
| 100 | @a20190315d2018 km y0chiy0120 ea | |
| 101 | 0 | @achi |
| 102 | @aCN@b110000 | |
| 200 | 1 | @a城市道路工程技术规范@Acheng shi dao lu gong cheng ji shu gui fan@f中华人民共和国住房和城乡建设部主编@Fzhong hua ren min gong he guo zhu fang he cheng xiang jian she bu zhu bian |
| 210 | @a北京@c中国建筑工业出版社@d2018.09 | |
| 215 | @a66页@d20cm | |
| 606 | 0 | @a道路工程 |
| 690 | @aU415.6-65@v4 | |
| 701 | 0 | @a中华人民共和国住房和城乡建设部@Azhong hua ren min gong he guo zhu fang he cheng xiang jian she bu@4主编 |
| 801 | 0 | @aCN@bMUSE@c20190315 |
| 905 | @aMUSE@dU415.6-65@eZ911 | |
| 城市道路工程技术规范/中华人民共和国住房和城乡建设部主编.-北京:中国建筑工业出版社,2018.09 |
| 66页;20cm |
| ISBN :CNY17.00 |
| ● |
| 相关链接 |
|
|
|
正题名:城市道路工程技术规范
索取号:U415.6-65/Z911
 
预约/预借
| 序号 | 登录号 | 条形码 | 馆藏地/架位号 | 状态 | 备注 |
| 1 | 1244617 | 212446174 | 自科库501/501自科库 52排6列2层/ [索取号:U415.6-65/Z911] | 在馆 |